|
|
|
|
| LEADER |
00000nab a2200000 a 4500 |
| 001 |
vtls000867610 |
| 003 |
SK-MaSNL |
| 005 |
20260304131352.0 |
| 008 |
250429c2004 xo 0 slo |
| 015 |
|
|
|a SNBRB2004/03-09978
|
| 035 |
|
|
|a CLN000219162
|
| 035 |
|
|
|a urn:nbn:sk:snk-ab331q
|
| 035 |
|
|
|a (urnnbn)urn:nbn:sk:snk:ar-a05rog
|
| 035 |
|
|
|a (uuid)fecaa425-5e8f-4400-951e-42eaaf60d7b1
|
| 040 |
|
|
|a SNKBUCL
|b slo
|c SNKBUCL
|e AACR2
|
| 041 |
0 |
|
|a slo
|
| 044 |
|
|
|a xo
|c SK
|
| 080 |
|
|
|a 616.12-008.46:612.018.06:061.3
|2 1997
|
| 245 |
0 |
0 |
|a Funkčné vyšetrenie pľúc a natriuretický peptid typu B (BNP) v diferenciálnej diagnostike srdcového zlyhania
|c M. Belovičová ... [et al.]
|
| 650 |
0 |
7 |
|a pletyzmografia
|2 MESH
|9 22530
|
| 650 |
0 |
7 |
|a peptid nátriuretický mozgový
|2 MESH
|9 1434902
|
| 650 |
0 |
7 |
|a kongestívne zlyhanie srdca
|2 MESH
|9 60161
|
| 650 |
0 |
7 |
|a diferenciálna diagnostika
|2 MESH
|9 69886
|
| 650 |
0 |
7 |
|a abstrakty z kongresu
|2 MESH
|9 168204
|
| 655 |
|
7 |
|a články z novín a časopisov
|2 snkbucl
|9 267496
|
| 700 |
1 |
|
|a Redhammer, Rafael,
|d 1934-
|4 aut
|9 221065
|
| 700 |
1 |
|
|a Belovičová, Mária,
|d 1975-
|4 aut
|9 212094
|
| 700 |
1 |
|
|a Kiňová, Soňa,
|d 1961-
|4 aut
|9 14477
|
| 700 |
1 |
|
|a Kratochvílová, H.
|4 aut
|9 792987
|
| 773 |
0 |
|
|t Kardiológia
|g Vol. 13, no. 1 (2004), p. K/C 3A
|x 1210-0048
|
| 850 |
|
|
|a Slovenská národná knižnica
|
| 852 |
|
|
|a Slovenská národná knižnica
|
| 958 |
|
|
|a article27
|
| 958 |
|
|
|a OND
|
| 958 |
|
|
|a MI
|
| 999 |
|
|
|c 2896721
|d 2898651
|